000 00460nam a2200193Ia 4500
005 20240823032722.0
008 240823s9999||||xx |||||||||||||| ||und||
020 _a978-81-261-4194-4
041 _aENGLISH
082 _A370.15 Q0
100 _aDandapani S
245 0 _aAdvanced Educational Psychology
250 _a4th
260 _c2010
_b"Anmol,New "
_aNew Delhi
500 _aYES
650 _aPsycology
_bGeneral
942 _cBK
999 _c194091
_d194091